000 00345nam a22001337a 4500
003 SGT
020 _a9788126729371
082 _a891.4309
_bJ16K
100 _aखेमानी, कुसुम
245 _aजड़िया बाई
260 _bराजकमल पेपरबैक्स
_c2016
300 _a167
942 _2ddc
_cBK
999 _c30061
_d30061